000
00290nam a2200121Ia 4500
008
190216s9999||||xx |||||||||||||| ||und||
100
_a
Madhava Rao V N
245
0
_a
Jack Fruit In India
260
_b
Indian Council Og Agri Research
_c
1965
300
_a
18p
650
_a
Botany
942
_c
BK
999
_c
1241
_d
1241